LEADER 02878oam 2200709zu 450 001 9911019942503321 005 20251116145936.0 010 $a1-280-55533-5 010 $a9786610555338 010 $a0-470-85387-5 010 $a0-470-84233-4 035 $a(CKB)111004366695282 035 $a(SSID)ssj0000241815 035 $a(PQKBManifestationID)12076523 035 $a(PQKBTitleCode)TC0000241815 035 $a(PQKBWorkID)10300842 035 $a(PQKB)10017590 035 $a(SSID)ssj0000241811 035 $a(PQKBManifestationID)11188122 035 $a(PQKBTitleCode)TC0000241811 035 $a(PQKBWorkID)10297849 035 $a(PQKB)10995891 035 $a(MiAaPQ)EBC4956293 035 $a(Au-PeEL)EBL4956293 035 $a(CaONFJC)MIL55533 035 $a(OCoLC)85820107 035 $a(EXLCZ)99111004366695282 100 $a20160829d1999 uy 101 0 $aeng 135 $aurcnu|||||||| 181 $ctxt 182 $cc 183 $acr 200 10$aSchizophrenia 205 $a1st ed. 210 31$a[Place of publication not identified]$cJohn Wiley & Son Inc$d2002 215 $a1 online resource (503 pages) 225 1 $aWPA Series in Evidence and Experience in Psychiatry ;$vv.1 300 $aBibliographic Level Mode of Issuance: Monograph 311 08$a0-471-99906-7 330 $aMakes critical, objective and reliable comparisons between research 'evidence' and clinical 'experience' on controversial issues surrounding schizophrenia. By using systematic reviews with accompanying commentaries from experienced clinicians, this volume is able to assess the key topics such as diagnosis, therapy and prevention of disability and stigma.This volume provides:* The best available evidence to enable well-informed clinical decision making* Valuable insights from some of the world's leading experts in the field of schizophrenia* Coherent description and discussion of the relevant issues.It will be a vital source of information for psychiatrists, psychologists, mental health nurses, managers and policy makers. 410 0$aWPA Series in Evidence and Experience in Psychiatry 606 $aSchizophrenia 606 $aSchizophrenia Spectrum and Other Psychotic Disorders 606 $aMental Disorders 606 $aPsychiatric Disorders, Individual$2HILCC 606 $aPsychiatry$2HILCC 606 $aHealth & Biological Sciences$2HILCC 615 2$aSchizophrenia. 615 2$aSchizophrenia Spectrum and Other Psychotic Disorders. 615 2$aMental Disorders. 615 7$aPsychiatric Disorders, Individual 615 7$aPsychiatry 615 7$aHealth & Biological Sciences 676 $a616.89 700 $aMaj$b Mario$0328537 702 $aSartorius$b N. 801 0$bPQKB 906 $aBOOK 912 $a9911019942503321 996 $aSchizophrenia$94420050 997 $aUNINA LEADER 02762nam 22005055 450 001 9910484108403321 005 20251230060718.0 010 $a3-030-26991-4 024 7 $a10.1007/978-3-030-26991-3 035 $a(CKB)4100000008737317 035 $a(MiAaPQ)EBC5834858 035 $a(DE-He213)978-3-030-26991-3 035 $a(PPN)243767951 035 $a(EXLCZ)994100000008737317 100 $a20190719d2020 u| 0 101 0 $aeng 135 $aurcnu|||||||| 181 $ctxt$2rdacontent 182 $cc$2rdamedia 183 $acr$2rdacarrier 200 10$aProceedings of the International Conference of Mechatronics and Cyber-MixMechatronics ? 2019 /$fedited by Gheorghe Ion Gheorghe 205 $a1st ed. 2020. 210 1$aCham :$cSpringer International Publishing :$cImprint: Springer,$d2020. 215 $a1 online resource (IX, 302 p. 289 illus., 230 illus. in color. :) 225 1 $aLecture Notes in Networks and Systems,$x2367-3389 ;$v85 311 1 $a3-030-26990-6 320 $aIncludes bibliographical references and index. 330 $aThese proceedings gather contributions presented at the 3rd International Conference of Mechatronics and Cyber-MixMechatronics/ICOMECYME, organized by the National Institute of R&D in Mechatronics and Measurement Technique in Bucharest, Romania, on September 5th?6th, 2019. Reflecting the expansion mechatronics, it discusses topics in the newer trans-disciplinary fields, such as adaptronics, integronics, and cyber-mixmechatronics. With a rich scientific tradition and attracting specialists from around the globe ? including North America, South America, and Asia ? ICOMECYME focuses on presenting the latest research. It is mainly directed at academics and advanced students, but also appeals to R&D experts, offering a platform for scientific exchange. These proceedings are a valuable resource for entrepreneurs who want to invest in research and who are open for collaborations. 410 0$aLecture Notes in Networks and Systems,$x2367-3389 ;$v85 606 $aMechatronics 606 $aComputational intelligence 606 $aMechatronics 606 $aComputational Intelligence 615 0$aMechatronics. 615 0$aComputational intelligence. 615 14$aMechatronics. 615 24$aComputational Intelligence. 676 $a621 676 $a629.8 702 $aGheorghe$b Gheorghe I.$4edt$4http://id.loc.gov/vocabulary/relators/edt 712 12$aInternational Conference of Mechatronics and Cyber-MixMechatronics$d3rd :$f2019 :$eBucharest, Romania. 906 $aBOOK 912 $a9910484108403321 996 $aProceedings of the International Conference of Mechatronics and Cyber-MixMechatronics ? 2019$94520736 997 $aUNINA